[Event "Mästar Elit"]
[Site "Lund"]
[Date "2010.07.03"]
[Round "1"]
[White "Ask, Josef"]
[Black "Frisk Kockum, Anton"]
[Result "1/2-1/2"]
[WhiteElo "2195"]
[BlackElo "2284"]
[PlyCount "82"]
[EventDate "2010.??.??"]
[EventRounds "9"]
[EventCountry "SWE"]
[Source "Anders Hansen"]
[SourceDate "2010.07.03"]

1. e4 e6 2. d4 d5 3. Nd2 c5 4. Ngf3 Nc6 5. exd5 exd5 6. Bb5 Bd6 7. O-O Nge7 8.
dxc5 Bxc5 9. Nb3 Bd6 10. Re1 O-O 11. Bg5 Bg4 12. Bh4 Re8 13. Bg3 Bxg3 14. hxg3
Qb6 15. Bxc6 bxc6 16. Qd4 Bxf3 17. gxf3 Nf5 18. Qf4 g6 19. Re5 Rxe5 20. Qxe5
Rd8 21. Rd1 Qb8 22. Qf6 Re8 23. f4 Qb6 24. Qc3 Re4 25. Kf1 h5 26. Re1 Qb5+ 27.
Qd3 Qb4 28. c3 Qe7 29. Re2 h4 30. g4 Nd6 31. Nc5 Rxe2 32. Qxe2 Ne4 33. Nxe4
dxe4 34. Kg2 f5 35. g5 Qd6 36. Qe3 Qd1 37. Qxa7 Qf3+ 38. Kg1 Qg4+ 39. Kf1 Qd1+
40. Kg2 Qf3+ 41. Kg1 Qg4+ 1/2-1/2

[Event "Mästar Elit"]
[Site "Lund"]
[Date "2010.07.03"]
[Round "1"]
[White "Cramling, Dan"]
[Black "Gajic, Mladen"]
[Result "1/2-1/2"]
[WhiteElo "2404"]
[BlackElo "2293"]
[PlyCount "134"]
[EventDate "2010.??.??"]
[EventRounds "9"]
[EventCountry "SWE"]
[Source "Anders Hansen"]
[SourceDate "2010.07.03"]

1. d4 d5 2. c4 c6 3. Nf3 Nf6 4. e3 Bf5 5. Nc3 e6 6. Nh4 Bg6 7. Be2 Nbd7 8. O-O
Bd6 9. Qb3 Qc7 10. g3 dxc4 11. Qxc4 b5 12. Qb3 Bh5 13. Bxh5 Nxh5 14. e4 e5 15.
d5 Nc5 16. Qd1 g6 17. Be3 O-O 18. Rc1 b4 19. Bxc5 bxc3 20. Rxc3 cxd5 21. Qxd5
Rfd8 22. Bxd6 Qxd6 23. Qxd6 Rxd6 24. Re1 Rb8 25. Re2 Ra6 26. b3 Ra5 27. Rd2 Ng7
28. Ng2 Ne6 29. f3 Nd4 30. Kf2 Rb6 31. Ne3 Re6 32. Nc4 Rc5 33. Rcd3 f6 34. f4
Re7 35. Ke3 Kg7 36. Rf2 a5 37. fxe5 fxe5 38. Kd2 a4 39. Kc3 Rb7 40. Rb2 Kf6 41.
Rxd4 exd4+ 42. Kxd4 Rcb5 43. Kc3 axb3 44. axb3 Rb4 45. Kc2 Ke6 46. Ra2 Kf6 47.
Ra3 Kg5 48. Kc3 Rb8 49. h3 h5 50. Nd2 Kf6 51. Ra6+ Kf7 52. Rc6 R4b5 53. h4 g5
54. Rc7+ Ke6 55. Rc6+ Kd7 56. Rh6 gxh4 57. gxh4 Ke7 58. Kd3 Kf7 59. Ke3 Rc8 60.
Rd6 Rc3+ 61. Kf4 Ke7 62. Rh6 Rh3 63. Nf3 Rxb3 64. Nd4 Rxh4+ 65. Ke5 Rhh3 66.
Nxb3 Rxb3 67. Kf5 Rf3+ 1/2-1/2

[Event "Mästar Elit"]
[Site "Lund"]
[Date "2010.07.03"]
[Round "1"]
[White "Engström, Kaj"]
[Black "Blomqvist, Erik"]
[Result "0-1"]
[WhiteElo "2290"]
[BlackElo "2421"]
[PlyCount "62"]
[EventDate "2010.??.??"]
[EventRounds "9"]
[EventCountry "SWE"]
[Source "Anders Hansen"]
[SourceDate "2010.07.03"]

1. e4 c5 2. Nf3 e6 3. d4 cxd4 4. Nxd4 a6 5. Bd3 Nf6 6. Nc3 Qc7 7. Qe2 d6 8. O-O
g6 9. Bg5 Bg7 10. Qd2 Nbd7 11. Kh1 h6 12. Bh4 b6 13. f4 O-O 14. Rae1 Bb7 15.
Nf3 Nc5 16. Bf2 Rad8 17. Bd4 Rfe8 18. Qf2 e5 19. fxe5 Ng4 20. Qh4 Nxe5 21. Bxe5
dxe5 22. Bc4 Ne6 23. Bd5 Bxd5 24. Nxd5 Qxc2 25. Rf2 Qc5 26. b4 Qc4 27. Nf6+
Bxf6 28. Qxf6 Qxb4 29. Ref1 Qe7 30. Qxe5 Nc5 31. Qf4 Nd3 0-1

[Event "Mästar Elit"]
[Site "Lund"]
[Date "2010.07.03"]
[Round "1"]
[White "Lindberg, Bengt"]
[Black "Olsson, Krister"]
[Result "1-0"]
[WhiteElo "2413"]
[BlackElo "2338"]
[PlyCount "115"]
[EventDate "2010.??.??"]
[EventRounds "9"]
[EventCountry "SWE"]
[Source "Anders Hansen"]
[SourceDate "2010.07.03"]

1. e4 e5 2. Nf3 Nc6 3. Bb5 a6 4. Ba4 Nf6 5. O-O Be7 6. Re1 b5 7. Bb3 O-O 8. c3
d5 9. exd5 Nxd5 10. Nxe5 Nxe5 11. Rxe5 c6 12. d4 Bd6 13. Re1 Qh4 14. g3 Qh3 15.
Re4 g5 16. Qe1 Bf5 17. Nd2 Nf6 18. f3 Rae8 19. Rxe8 Rxe8 20. Qf2 Bd3 21. Ne4
Bxe4 22. fxe4 Rxe4 23. Bxg5 Nd5 24. Rf1 Qh5 25. Bc1 Re2 26. Bd1 Rxf2 27. Bxh5
Rxf1+ 28. Kxf1 f5 29. Be8 c5 30. Bd7 Ne7 31. dxc5 Bxc5 32. Bf4 Kf7 33. Be5 Kg6
34. h4 Kh5 35. b4 Bb6 36. Kg2 Kg4 37. a4 Ng6 38. Bd6 bxa4 39. Bxa4 f4 40. Bd7+
Kh5 41. gxf4 Bd8 42. Kh3 Bxh4 43. f5 Ne7 44. Be8+ Kh6 45. Kg4 Kg7 46. c4 Nc8
47. Bc5 Be7 48. Bd7 Bxc5 49. bxc5 a5 50. Kf4 Kf6 51. Ke4 Na7 52. Kd4 Ke7 53. c6
a4 54. Kc3 h5 55. Kb4 h4 56. f6+ Kxf6 57. c7 Ke5 58. Kxa4 1-0

[Event "Mästar Elit"]
[Site "Lund"]
[Date "2010.07.04"]
[Round "2"]
[White "Andersson, Fredrik"]
[Black "Frisk Kockum, Anton"]
[Result "0-1"]
[WhiteElo "2336"]
[BlackElo "2284"]
[PlyCount "116"]
[EventDate "2010.??.??"]
[EventRounds "9"]
[EventCountry "SWE"]
[Source "Anders Hansen"]
[SourceDate "2010.07.03"]

1. d4 e6 2. c4 Nf6 3. g3 Bb4+ 4. Bd2 c5 5. Bxb4 cxb4 6. Bg2 O-O 7. e4 d6 8. Ne2
e5 9. O-O Nc6 10. a3 Qb6 11. d5 Nb8 12. Qd2 bxa3 13. Nxa3 Na6 14. Nb5 Nc5 15.
Qc2 Bd7 16. b4 Na6 17. Qa4 Nc7 18. Qa5 Qxa5 19. Rxa5 Nxb5 20. cxb5 b6 21. Ra2
Bxb5 22. Rc1 Rfc8 23. Rac2 Rxc2 24. Rxc2 Bd3 25. Ra2 Nxe4 26. Nc1 Nc3 27. Rb2
Bf5 28. Bf1 Rc8 29. Na2 Nxd5 30. Rd2 Be6 31. Bg2 Nf6 32. Bb7 Rb8 33. Bc6 d5 34.
b5 d4 35. Nb4 Ne8 36. f4 Nd6 37. fxe5 Nc4 38. Rxd4 Nxe5 39. Re4 f6 40. Re1 Rd8
41. Ra1 Rd4 42. Nc2 Rd2 43. Nb4 Rb2 44. Na6 Bf5 45. Ra4 Rb1+ 46. Kg2 Bc2 47.
Rd4 Rd1 48. Rb4 Bd3 49. Ra4 h5 50. Bd5+ Kf8 51. Nc7 Ke7 52. Rxa7 Kd6 53. Ba8
Bf1+ 54. Kf2 Ng4+ 55. Kf3 Re1 56. Bc6 Re3+ 57. Kf4 g5+ 58. Kf5 Bd3+ 0-1

[Event "Mästar Elit"]
[Site "Lund"]
[Date "2010.07.04"]
[Round "2"]
[White "Blomqvist, Erik"]
[Black "Ask, Josef"]
[Result "1-0"]
[WhiteElo "2421"]
[BlackElo "2195"]
[PlyCount "57"]
[EventDate "2010.??.??"]
[EventRounds "9"]
[EventCountry "SWE"]
[Source "Anders Hansen"]
[SourceDate "2010.07.03"]

1. e4 e5 2. Nf3 Nc6 3. Bb5 Nge7 4. Nc3 g6 5. d4 exd4 6. Nd5 Bg7 7. Bg5 h6 8.
Bf6 Bxf6 9. Nxf6+ Kf8 10. O-O Kg7 11. Nd5 Re8 12. Re1 f6 13. Nf4 Ne5 14. Nxd4
c5 15. Nb3 a6 16. Bf1 c4 17. Nd4 b5 18. a4 b4 19. Re3 Qa5 20. Rg3 Kh7 21. Nf5
gxf5 22. Qh5 Rf8 23. Rh3 Ng4 24. Nd5 Ng6 25. Be2 Kg7 26. Bxg4 fxg4 27. Qxh6+
Kf7 28. Qh7+ Ke6 29. Rh5 1-0

[Event "Mästar Elit"]
[Site "Lund"]
[Date "2010.07.04"]
[Round "2"]
[White "Gajic, Mladen"]
[Black "Engström, Kaj"]
[Result "1-0"]
[WhiteElo "2293"]
[BlackElo "2290"]
[PlyCount "79"]
[EventDate "2010.??.??"]
[EventRounds "9"]
[EventCountry "SWE"]
[Source "Anders Hansen"]
[SourceDate "2010.07.03"]

1. e4 e5 2. Bc4 Nf6 3. d3 Bc5 4. Nf3 d6 5. c3 Nc6 6. Bb3 Bb6 7. O-O Bg4 8. h3
Bh5 9. Nbd2 a6 10. Re1 h6 11. Nf1 Nh7 12. Ng3 Bg6 13. Nd2 Qf6 14. Qe2 Ng5 15.
Nc4 Ba7 16. Ne3 Ne6 17. Nd5 Qd8 18. Nf5 Na5 19. Bc2 c6 20. Nde3 Bxe3 21. Bxe3
c5 22. d4 cxd4 23. cxd4 exd4 24. Nxd4 Nxd4 25. Bxd4 O-O 26. Rad1 Qe7 27. f4 Nc6
28. Bc3 f6 29. Qg4 Bh7 30. Bb3+ Kh8 31. Bd5 Rfe8 32. Rd3 Qf8 33. Rg3 Rad8 34.
e5 dxe5 35. Bxc6 bxc6 36. fxe5 fxe5 37. Bxe5 Re7 38. Qh4 Rdd7 39. Rf1 Rf7 40.
Bxg7+ 1-0

[Event "Mästar Elit"]
[Site "Lund"]
[Date "2010.07.04"]
[Round "2"]
[White "Hjelm, Niclas"]
[Black "Lindberg, Bengt"]
[Result "1/2-1/2"]
[WhiteElo "2336"]
[BlackElo "2413"]
[PlyCount "37"]
[EventDate "2010.??.??"]
[EventRounds "9"]
[EventCountry "SWE"]
[Source "Anders Hansen"]
[SourceDate "2010.07.03"]

1. d4 Nf6 2. c4 e6 3. Nf3 b6 4. a3 Ba6 5. Qb3 d5 6. cxd5 Qxd5 7. Qc2 Qf5 8.
Qxf5 exf5 9. Nc3 Bd6 10. e3 Bxf1 11. Kxf1 a6 12. g3 Nbd7 13. Kg2 b5 14. Bd2 Nb6
15. Rhc1 O-O-O 16. Rc2 Kb7 17. Rac1 Nfd5 18. Nxd5 Nxd5 19. Ne1 1/2-1/2

[Event "Mästar Elit"]
[Site "Lund"]
[Date "2010.07.04"]
[Round "2"]
[White "Olsson, Krister"]
[Black "Cramling, Dan"]
[Result "0-1"]
[WhiteElo "2338"]
[BlackElo "2404"]
[PlyCount "130"]
[EventDate "2010.??.??"]
[EventRounds "9"]
[EventCountry "SWE"]
[Source "Anders Hansen"]
[SourceDate "2010.07.03"]

1. d4 Nf6 2. c4 c5 3. d5 b5 4. cxb5 a6 5. b6 Qxb6 6. Nc3 d6 7. Nf3 g6 8. a4 Bg7
9. a5 Qb4 10. Ra4 Qb7 11. e4 O-O 12. Be2 Bd7 13. Ra3 Bb5 14. O-O Nbd7 15. Nd2
Ne8 16. Nc4 Rb8 17. Nxb5 axb5 18. a6 Qa8 19. Na5 Nc7 20. Nc6 Rbe8 21. b4 e6 22.
Bf4 exd5 23. exd5 Ne5 24. Bxe5 Bxe5 25. bxc5 dxc5 26. Nxe5 Rxe5 27. d6 b4 28.
Bf3 Qa7 29. dxc7 bxa3 30. Bb7 Ree8 31. Qd7 a2 32. c8=Q Rxc8 33. Bxc8 Qxd7 34.
Bxd7 Rb8 35. a7 Ra8 36. Ra1 Rxa7 37. Bb5 Rb7 38. Bf1 Rb2 39. g3 c4 40. Kg2 c3
41. Bc4 c2 42. Bxa2 Rxa2 43. Rc1 Kg7 44. Kf3 Kf6 45. Ke4 Kg5 46. h3 f5+ 47. Ke5
f4 48. gxf4+ Kh4 49. f5 Ra5+ 50. Kd4 Rxf5 51. Rxc2 Kxh3 52. Ke3 g5 53. Rc7 h5
54. Rg7 g4 55. f4 Kg3 56. Rg5 Rxf4 57. Rxh5 Rf3+ 58. Ke2 Kg2 59. Rg5 g3 60. Rg8
Rf5 61. Ke3 Kh2 62. Rh8+ Kg1 63. Rg8 g2 64. Ke2 Rf7 65. Ra8 Rh7 0-1

[Event "Mästar Elit"]
[Site "Lund"]
[Date "2010.07.05"]
[Round "3"]
[White "Ask, Josef"]
[Black "Gajic, Mladen"]
[Result "0-1"]
[WhiteElo "2195"]
[BlackElo "2293"]
[PlyCount "110"]
[EventDate "2010.??.??"]
[EventRounds "9"]
[EventCountry "SWE"]
[Source "Anders Hansen"]
[SourceDate "2010.07.03"]

1. d4 d5 2. c4 c6 3. Nf3 Nf6 4. Nc3 e6 5. Bg5 h6 6. Bh4 dxc4 7. e4 g5 8. Bg3 b5
9. Be2 Bb7 10. O-O Nbd7 11. Ne5 h5 12. Nxd7 Qxd7 13. Be5 Rh6 14. f4 g4 15. Qc2
O-O-O 16. Rad1 Ne8 17. f5 exf5 18. Rxf5 f6 19. Bg3 Ng7 20. Rff1 h4 21. Bf4 Rg6
22. b3 Ne6 23. Be3 b4 24. Na4 c3 25. e5 Rg8 26. exf6 c5 27. Bc4 cxd4 28. Qf5
Bd5 29. Ba6+ Kb8 30. f7 Rg7 31. Bxd4 Rg5 32. Qf6 Be7 33. Qh6 Qc6 34. Be3 c2 35.
Rd3 Re5 36. Bf4 Nxf4 37. Qxf4 Bd6 38. Bc4 Re1 39. Rxe1 Bxf4 40. Rxd5 Rf8 41.
Rb5+ Kc7 42. Rf5 h3 43. Rc5 Be3+ 44. Rxe3 c1=Q+ 45. Kf2 Qd2+ 46. Re2 Qd4+ 47.
Kg3 Qdxc5 48. Nxc5 hxg2 49. Rxg2 Qf3+ 50. Kh4 Rh8+ 51. Kg5 Qxg2 52. Ne6+ Kd6
53. f8=Q+ Rxf8 54. Nxf8 Qxh2 55. Kxg4 Qg2+ 0-1

[Event "Mästar Elit"]
[Site "Lund"]
[Date "2010.07.05"]
[Round "3"]
[White "Cramling, Dan"]
[Black "Hjelm, Niclas"]
[Result "1-0"]
[WhiteElo "2404"]
[BlackElo "2336"]
[PlyCount "71"]
[EventDate "2010.??.??"]
[EventRounds "9"]
[EventCountry "SWE"]
[Source "Anders Hansen"]
[SourceDate "2010.07.03"]

1. Nf3 d5 2. d4 Nf6 3. c4 c6 4. e3 Bf5 5. Nc3 e6 6. Nh4 Be4 7. f3 Bg6 8. Qb3
Qc7 9. Bd2 Be7 10. g3 dxc4 11. Bxc4 a6 12. O-O Nbd7 13. e4 b5 14. Be2 O-O 15.
Be3 c5 16. Rac1 Qa7 17. d5 c4 18. Bxa7 cxb3 19. Bd4 e5 20. Be3 bxa2 21. Nxa2
Rfc8 22. Rc6 Rxc6 23. dxc6 Bc5 24. Kf2 Bxe3+ 25. Kxe3 Nb6 26. Rc1 Kf8 27. Kd2
Ne8 28. Kc3 Nc7 29. Kb4 Ke7 30. Ka5 Rb8 31. Nb4 Nc8 32. Nxa6 Ra8 33. Bxb5 Nd6
34. Be2 f6 35. b4 Bf7 36. b5 1-0

[Event "Mästar Elit"]
[Site "Lund"]
[Date "2010.07.05"]
[Round "3"]
[White "Engström, Kaj"]
[Black "Olsson, Krister"]
[Result "1-0"]
[WhiteElo "2290"]
[BlackElo "2338"]
[PlyCount "79"]
[EventDate "2010.??.??"]
[EventRounds "9"]
[EventCountry "SWE"]
[Source "Anders Hansen"]
[SourceDate "2010.07.03"]

1. e4 d6 2. d4 Nf6 3. Nc3 g6 4. Be2 Bg7 5. h4 c5 6. d5 Nbd7 7. h5 gxh5 8. Bxh5
Nxh5 9. Rxh5 Bxc3+ 10. bxc3 Nf6 11. Rh4 Rg8 12. g3 Qa5 13. Qd3 b6 14. Bd2 Ba6
15. c4 Qa4 16. Qb3 Qxc4 17. Qxc4 Bxc4 18. Bc3 Nd7 19. Rxh7 f5 20. exf5 Bxd5 21.
O-O-O Nf8 22. Rh4 Bxa2 23. Nh3 d5 24. Bd2 d4 25. Re1 Rd8 26. Bh6 Rd7 27. Nf4
Bf7 28. Bxf8 Kxf8 29. g4 a5 30. Rg1 c4 31. g5 d3 32. cxd3 cxd3 33. Kd2 b5 34.
Rg3 a4 35. g6 Bc4 36. Ne6+ Ke8 37. Rgh3 Bxe6 38. fxe6 Rd6 39. Rh8 Kf8 40. Rf3+
1-0

[Event "Mästar Elit"]
[Site "Lund"]
[Date "2010.07.05"]
[Round "3"]
[White "Frisk Kockum, Anton"]
[Black "Blomqvist, Erik"]
[Result "1-0"]
[WhiteElo "2284"]
[BlackElo "2421"]
[Annotator "Axel Smith"]
[PlyCount "101"]
[EventDate "2010.??.??"]
[EventRounds "9"]
[EventCountry "SWE"]
[Source "Anders Hansen"]
[SourceDate "2010.07.03"]

1. d4 d5 2. Nf3 Nf6 3. c4 e6 4. Nc3 c6 {
Semi slav has been a faithful opening for Erik the last years.} 5. Bg5 h6 {
The Moscow variation.} 6. Bxf6 (6. Bh4 g5 7. Bg3 dxc4 8. e4 b5 {sacrifices a
pawn, but gives long term compensation with both black wings weakened.}) 6...
Qxf6 {Black has the bishop pair but lags development.} 7. e3 {Diagram #} g6 {
Black doesn't want the bishop on b4, because it will be threatened with a3,
not on d6, before e3-e4 will be stronger, and not on e7, because the queen
needs space. The only remaining square is g7.} 8. Rc1 {
I am not sure why this should be prioritized.} Nd7 9. Bd3 dxc4 {Best.} (9...
Bg7 10. e4 dxc4 {allows} (10... dxe4 {
doesn't work well with Bg7, because the knight starts attacking d6.}) 11. e5 $1
{with a advantageous position for white. Compare to the game.}) 10. Bxc4 Bg7 {
Black is ready to meet e3-e4 with e6-e5.} 11. O-O O-O 12. e4 {Diagram #} Rd8 $2
{The rook move has been played by van Wely and others, but to me it seems
wrong. Black should not allow e4-e5.} (12... e5 {is okay for black.}) 13. e5
Qe7 14. Qe2 {White's play is based on h4, which will threaten h4-h5. If black
answers with h6-h5 white can place the N on g5. Before white executes this
plan he has to stop c6-c5. Qe2 is a profylactic move, because it protectes e5
once again. 14.Re1! is a better move with the  same purpose.} b6 (14... c5 $1
15. d5 {looks very good for white, but black has} Nxe5 $1 16. Nxe5 exd5 {
and both knights are haning. White has to play something like 15.Rfd1, with a
small advantage.}) 15. Rfe1 a6 16. Bd3 Bb7 17. Be4 {
Stops c5 for the coming moves.} Rac8 {Diagram #} 18. h4 $1 {
Finally this thematic move.} h5 19. Rcd1 {The rook is better placed on the
d-file, due to the possible rook lift along the third rank.} b5 20. Ng5 Bh6 21.
f4 {White has an overwhelming position. The bishop on b7 is out of play, and
the pawn on e5 stops black to manouver between the wings.} Kg7 22. Rd3 Nb6 23.
Rg3 $1 Rxd4 {Diagram #} (23... Bxg5 {
was the best for black, to avoid the sacrifice next move.}) 24. Nxf7 $1 Qxf7
25. Qxh5 {White's threats forces black the sacrifice back.} (25. Rxg6+ Qxg6 26.
Bxg6 Kxg6 {did Anton avoid, and he did right doing so.}) 25... Rxe4 26. Nxe4
Nc4 27. Qg4 {Plans h4-h5.} (27. Rd1 $1 {
with the brutale idea Rd1-d7, was even stronger.}) 27... Bxf4 28. Ng5 (28. Rf1
{wins the bishop on f4, because} Rf8 29. Rxf4 Qxf4 30. Qxg6+ {mates.}) 28...
Bxg5 29. Qxg5 Qf5 30. h5 {With rook against to minor pieces you usally want to
exchange queens, because the rooks are best in the endgame.} Qxg5 31. Rxg5 Kh6
32. Rxg6+ Kxh5 33. Rg7 Ba8 34. Kf2 {Threatens check mate.} Kh6 35. Rg4 Rf8+ 36.
Kg3 Rf5 {Diagram #} 37. Rh1+ $1 {There is a good point exchanging rooks,
because two pieces of the same sort often do the same work. Note that this
rule is not valid for bishops, because the white squared bishop and the dark
squared bishop is two different pieces!} Rh5 38. Rxh5+ Kxh5 39. Rg8 {
Poor, poor bishop.} Bb7 40. Rb8 Na5 41. b4 {Diagram # The rest is easy.} c5 42.
bxa5 Bd5 43. a3 Kg5 44. Rf8 b4 45. axb4 cxb4 46. Kf2 b3 47. Ke3 b2 48. Rb8 Bxg2
49. Rxb2 Bd5 50. Kd4 Kf4 51. Rb6 1-0

[Event "Mästar Elit"]
[Site "Lund"]
[Date "2010.07.05"]
[Round "3"]
[White "Lindberg, Bengt"]
[Black "Andersson, Fredrik"]
[Result "1-0"]
[WhiteElo "2413"]
[BlackElo "2336"]
[PlyCount "125"]
[EventDate "2010.??.??"]
[EventRounds "9"]
[EventCountry "SWE"]
[Source "Anders Hansen"]
[SourceDate "2010.07.03"]

1. e4 e5 2. Nf3 Nc6 3. Bb5 a6 4. Ba4 Nf6 5. O-O Be7 6. Re1 b5 7. Bb3 d6 8. c3
O-O 9. h3 Nb8 10. d4 Nbd7 11. Nbd2 Bb7 12. Bc2 Re8 13. a4 Bf8 14. Bd3 c6 15. b3
g6 16. Bb2 Nh5 17. Bf1 Qc7 18. Qc2 Nf4 19. g3 Ne6 20. b4 Bg7 21. Qb3 Nb6 22.
axb5 axb5 23. dxe5 dxe5 24. c4 bxc4 25. Nxc4 Rxa1 26. Bxa1 Nd7 27. Rd1 Nd4 28.
Nxd4 exd4 29. Bxd4 Bxd4 30. Rxd4 c5 31. Nd6 Re6 32. Nb5 Qc6 33. Na7 Qc7 34. Nb5
Qc6 35. bxc5 Nxc5 36. Rd8+ Kg7 37. Qc3+ f6 38. f3 Qb6 39. Qd4 Ba6 40. Rd5 Bxb5
41. Bxb5 Qxb5 42. Rxc5 Qe2 43. Qf2 Qd1+ 44. Kg2 Ra6 45. Rc7+ Kh6 46. g4 g5 47.
f4 Qd6 48. fxg5+ fxg5 49. Rc2 Qe7 50. Qe3 Qe5 51. h4 Kg6 52. h5+ Kh6 53. Rc5
Ra2+ 54. Kf3 Qf6+ 55. Rf5 Qd8 56. Qb3 Ra6 57. Kg2 Qd4 58. Qf3 Rc6 59. e5 Rc2+
60. Kh3 Rc3 61. Rf6+ Kg7 62. h6+ Kg8 63. Rf8# 1-0

[Event "Mästar Elit"]
[Site "Lund"]
[Date "2010.07.06"]
[Round "4"]
[White "Andersson, Fredrik"]
[Black "Blomqvist, Erik"]
[Result "1/2-1/2"]
[WhiteElo "2336"]
[BlackElo "2421"]
[PlyCount "46"]
[EventDate "2010.??.??"]
[EventRounds "9"]
[EventCountry "SWE"]
[Source "Anders Hansen"]
[SourceDate "2010.07.03"]

1. d4 d5 2. c4 c6 3. Nf3 Nf6 4. e3 Bf5 5. Nc3 e6 6. Nh4 Bg6 7. Be2 Nbd7 8. O-O
dxc4 9. Nxg6 hxg6 10. Bxc4 Bd6 11. h3 Nb6 12. Be2 e5 13. dxe5 Bxe5 14. Qc2 Qe7
15. a4 a5 16. Rd1 Qc5 17. Bd3 O-O-O 18. Bd2 g5 19. Ne2 Qxc2 20. Bxc2 Bxb2 21.
Rab1 Nc4 22. Bxa5 Rxd1+ 23. Bxd1 Nxa5 1/2-1/2

[Event "Mästar Elit"]
[Site "Lund"]
[Date "2010.07.06"]
[Round "4"]
[White "Gajic, Mladen"]
[Black "Frisk Kockum, Anton"]
[Result "1/2-1/2"]
[WhiteElo "2293"]
[BlackElo "2284"]
[PlyCount "44"]
[EventDate "2010.??.??"]
[EventRounds "9"]
[EventCountry "SWE"]
[Source "Anders Hansen"]
[SourceDate "2010.07.03"]

1. b3 Nf6 2. Bb2 d5 3. e3 g6 4. f4 Bg7 5. Nf3 O-O 6. Be2 c5 7. O-O Nc6 8. Bb5
Bd7 9. a4 a6 10. Bxc6 Bxc6 11. Ne5 Rc8 12. d3 Nd7 13. Nxc6 Rxc6 14. Bxg7 Kxg7
15. Qf3 e6 16. Nd2 Qa5 17. Qe2 Qc3 18. Nf3 e5 19. Qd2 Qxd2 20. Nxd2 f5 21. Nf3
Re8 22. Rad1 exf4 1/2-1/2

[Event "Mästar Elit"]
[Site "Lund"]
[Date "2010.07.06"]
[Round "4"]
[White "Hjelm, Niclas"]
[Black "Engström, Kaj"]
[Result "1/2-1/2"]
[WhiteElo "2336"]
[BlackElo "2290"]
[PlyCount "45"]
[EventDate "2010.??.??"]
[EventRounds "9"]
[EventCountry "SWE"]
[Source "Anders Hansen"]
[SourceDate "2010.07.03"]

1. d4 d5 2. c4 e6 3. Nf3 Nf6 4. Nc3 Nbd7 5. Bf4 Bb4 6. cxd5 exd5 7. e3 c6 8.
Bd3 Nh5 9. Bg5 Be7 10. Bxe7 Qxe7 11. O-O O-O 12. Qc2 g6 13. Rfb1 Nhf6 14. b4 a5
15. bxa5 Rxa5 16. a4 Ne8 17. e4 dxe4 18. Nxe4 Nd6 19. Ng3 Qf6 20. Re1 c5 21.
Qd2 b6 22. Bc2 cxd4 23. Qxd4 1/2-1/2

[Event "Mästar Elit"]
[Site "Lund"]
[Date "2010.07.06"]
[Round "4"]
[White "Lindberg, Bengt"]
[Black "Cramling, Dan"]
[Result "1/2-1/2"]
[WhiteElo "2413"]
[BlackElo "2404"]
[PlyCount "46"]
[EventDate "2010.??.??"]
[EventRounds "9"]
[EventCountry "SWE"]
[Source "Anders Hansen"]
[SourceDate "2010.07.03"]

1. e4 d6 2. d4 Nf6 3. Nc3 g6 4. f4 Bg7 5. a3 O-O 6. Nf3 Na6 7. Be3 b6 8. Bc4 c5
9. Qe2 Nc7 10. O-O-O b5 11. Bxb5 Nxb5 12. Qxb5 Bd7 13. Qa6 Bc8 14. Qc4 cxd4 15.
Nxd4 Bb7 16. Nb3 Qc8 17. Qb4 Bc6 18. Nd5 Re8 19. Nxf6+ Bxf6 20. Rhe1 Rb8 21.
Qc4 Qb7 22. Bd4 Bxe4 23. Na5 Qa8 1/2-1/2

[Event "Mästar Elit"]
[Site "Lund"]
[Date "2010.07.06"]
[Round "4"]
[White "Olsson, Krister"]
[Black "Ask, Josef"]
[Result "0-1"]
[WhiteElo "2338"]
[BlackElo "2195"]
[PlyCount "98"]
[EventDate "2010.??.??"]
[EventRounds "9"]
[EventCountry "SWE"]
[Source "Anders Hansen"]
[SourceDate "2010.07.03"]

1. d4 e6 2. e4 d5 3. exd5 exd5 4. Nf3 Nc6 5. Bb5 Bd6 6. O-O Nge7 7. Bg5 O-O 8.
Bh4 Bg4 9. c3 Qd7 10. Bg3 Rad8 11. Bd3 f5 12. Nbd2 Rf6 13. Qb3 f4 14. Bh4 Rh6
15. Rfe1 Rf8 16. Bxe7 Bxe7 17. Ne5 Nxe5 18. Rxe5 c6 19. f3 Bh5 20. Rae1 Bh4 21.
R1e2 Bf6 22. Bf5 Qc7 23. Re6 Bf7 24. Qb4 Qb8 25. Nb3 Bxe6 26. Bxe6+ Kh8 27. Na5
Re8 28. Kf1 Rxh2 29. Ke1 Qc7 30. Kd1 b6 31. Nb3 a5 32. Qa3 Qe7 33. Qxe7 Rxe7
34. Nc1 g5 35. Nd3 Kg7 36. b4 Rh1+ 37. Kc2 a4 38. b5 c5 39. dxc5 bxc5 40. Nxc5
Rc7 41. Nxa4 Rc4 42. b6 Rxa4 43. Bxd5 Ra3 44. Bb3 Ra8 45. b7 Rb8 46. Bd5 Ra1
47. Re6 h5 48. Rc6 Rxb7 49. Rxf6 Kxf6 0-1

[Event "Mästar Elit"]
[Site "Lund"]
[Date "2010.07.07"]
[Round "5"]
[White "Ask, Josef"]
[Black "Hjelm, Niclas"]
[Result "1/2-1/2"]
[WhiteElo "2195"]
[BlackElo "2336"]
[PlyCount "36"]
[EventDate "2010.??.??"]
[EventRounds "9"]
[EventCountry "SWE"]
[Source "Anders Hansen"]
[SourceDate "2010.07.03"]

1. d4 d5 2. c4 c6 3. Nf3 Nf6 4. Nc3 dxc4 5. a4 e6 6. g3 c5 7. Bg2 Nc6 8. e3 Bd7
9. Ne5 Be7 10. Nxc4 O-O 11. O-O Rc8 12. dxc5 Bxc5 13. Qf3 Qe7 14. b3 Rfd8 15.
Bb2 e5 16. h3 Be6 17. Rfd1 Rxd1+ 18. Rxd1 Rd8 1/2-1/2

[Event "Mästar Elit"]
[Site "Lund"]
[Date "2010.07.07"]
[Round "5"]
[White "Blomqvist, Erik"]
[Black "Gajic, Mladen"]
[Result "1/2-1/2"]
[WhiteElo "2421"]
[BlackElo "2293"]
[PlyCount "117"]
[EventDate "2010.??.??"]
[EventRounds "9"]
[EventCountry "SWE"]
[Source "Anders Hansen"]
[SourceDate "2010.07.03"]

1. d4 d5 2. c4 c6 3. Nf3 Nf6 4. e3 e6 5. Bd3 Nbd7 6. O-O Bd6 7. Nbd2 O-O 8. b3
e5 9. cxd5 cxd5 10. dxe5 Nxe5 11. Be2 Nc6 12. Bb2 Qe7 13. Rc1 Bf5 14. Nb1 Rfd8
15. Nc3 a6 16. Na4 Re8 17. Nd4 Nxd4 18. Qxd4 Ba3 19. Rfd1 Rac8 20. Rxc8 Rxc8
21. Nb6 Rd8 22. Qe5 Be6 23. Bf3 Bxb2 24. Qxb2 Qb4 25. Na4 Rc8 26. h3 Rc6 27. a3
Qe7 28. b4 Qc7 29. Nc5 h6 30. Qd4 a5 31. e4 axb4 32. axb4 dxe4 33. Nxe4 Rc1 34.
Nxf6+ gxf6 35. Qxf6 Rxd1+ 36. Bxd1 Qd6 37. Bf3 Qxb4 38. Qxh6 Qe1+ 39. Kh2 Qe5+
40. g3 b5 41. Qd2 Qc5 42. h4 Kh7 43. Kg2 b4 44. Be4+ Kg7 45. h5 Qxh5 46. Qd4+
Kg8 47. Qxb4 Qh3+ 48. Kg1 Qg4 49. Qb8+ Kg7 50. Qe5+ Kg8 51. f3 Qg7 52. Qb8+ Qf8
53. Qxf8+ Kxf8 54. g4 Kg7 55. Kf2 Kf6 56. Kg3 Kg7 57. Kf4 f6 58. Ke3 Bc4 59.
Bd3 1/2-1/2